000 00580nam a2200193Ia 4500
005 20260114185659.0
008 008 260114s9999 xx 000 0 eng d
020 _a9781472895790
037 _aEBOOK
040 _aCRL
_beng
_cCRL
041 _aeng
_2eng
084 _qCRL
100 _aPrit Buttar
_9873063
245 0 _aBattleground Prussia The Assault on Germany's Eastern Front 1944?45
260 _bBloomsbury
_c2010
856 _uhttps://doi.org/10.5040/9781472895790?locatt=label:secondary_bloomsburyCollections
942 _cEBOOK
999 _c1472011
_d1472011